Datum a čas kvízu
34
Celkem bodů
Celkový počet nahraných bodů na tomto kvízu bez doplňovacích otázek.
4.
Pořadí na kvízu
Konečné umístění týmu na tomto kvízu.
Zaznamenané odpovědi
| # | Otázka | Odpověď | Body | Výsledky |
|---|---|---|---|---|
| 1. | Minulý týden navštívil Českou... | Mike Pompeo | 1 | |
| 2. | Prezidentské volby v Bělorusku... | Litva | 1 | |
| 3. | Televize Nova postupně odkrývá... | Erika Stárková, Albert Černý | 0.5 | |
| 4. | Další řetězec v České republic... | Kaufland | 1 | |
| 5. | Minulý týden odstartoval etapo... | Dauphiné | 1 | |
| 6. | Nedávno jsme se zabývali různý... | Belgie, Francie, Nizozemsko | 1 | |
| 7. | Dne 24. července roku 1177 uza... | Fridrich I. Barbarossa (Rudovous) | 1 | |
| 8. | Dalším špičatým letopočtem v n... | Vladislav Jagellonský | 0 | |
| 9. | Dostáváme se do novověku, konk... | (von) Laudon | 1 | |
| 10. | Dne 30. dubna 1777 se narodil... | Carl Friedrich Gauss | 1 |